000 00696nam a2200253Ia 4500
003 OSt
005 20220918164912.0
006 a|||||r|||| 00| 0
007 ta
008 220917b |||||||| |||| 00| 0 eng d
020 _a0807892351
024 _a29,936
037 _cTextual
040 _aARTS
_cARTS
_beng
041 _2eng
_aeng
082 _aO111,3N06:g, M8
100 _aBarge Laura
_921569
245 0 _aGod the quest , the hero
_b thematic structures in Becketts fiction
260 _aFiction
_bChapel Hill
_c1988
300 _a346p.
_ccm.
650 _aENGLISH LITERATURE
942 _hO111,3N06:g, M8
_cTEXL
_2CC
999 _c127298
_d127298